000 00782cam a2200193 4500
001 D14010
008 090401t1938 xxu||||| |||| 00| 0 eng d
035 _a(Sirsi) u94598
041 _aeng
100 _aSwarbrick, John
245 _aEasements of light: a synopsis of modern practice and a brief explanation of simplified methods of measuring day light and assessing compensation
260 _aLondon
_bBT Batsford
_c1938
300 _a73p.
_c24cm tall
350 _a0
520 _aShelf 135
520 _aforms volume 3, summarizing volumes 1 (Easements of Light: Modern methods of computing compensation) & volume II (Easements of Light: Optical and photographic methods of assessing depreciation). Green/blue/teal marl hardbacks
942 _n0
_2ddc
948 _c04/03/1997
999 _c98092
_d98092